000 01099nam a2200289 i 4500
003 EG-GICUC
005 20260510155506.0
008 260510s1914 fr ||||fr|||| 00| 0 fre d
040 _aEG-GiCUC
_bfre
_cEG-GiCUC
_dEG-GiCUC
_eRda
082 0 4 _221
_a345.141
_bGO . L
092 0 4 _221
099 _aLaw1 07 345.141 GO . L 1914
110 _aGouvernement Égyptien
_eAuteur
245 _aLégislation Administrative Et Criminelle:
_bRecueil Des Lois Et Règlements En Vigueur Intéressant Le Ministère De L’Intérieur.
_nTome Second:
_pRéglementation Pénale, Lois Spéciales/
_cGouvernement Égyptien.
250 _aTroisième Édition
264 1 _aLe Caire:
_bImprimerie Nationale,
_c1914.
300 _a752 page ;
_c 24 cm.
336 _2rda contenu
_a texte
337 _2rda medias
_aOrdinateur
338 _2 transporteur rda
_a Ressource en ligne
546 _aTexte en français
650 1 _aDroit Administratif
650 1 _aConstitution et Législation Administrative
856 4 0 _uhttps://fll.law.cu.edu.eg/fulltext/bks/B07-05720.pdf
905 _a59
942 _2ddc
_n0
_cBK
_e21
999 _c76505
_d76505